000 00871nam a2200253 a 4500
001 BRCA_5158
005 20190320204950.0
008 750909s1844####nyua######---#000-0#eng-#
041 _aeng
044 _anyu
050 4 _aF1213
_b.M39 1844
100 1 _aMayer, Brantz
_d1809-1879
_910047
245 1 0 _aMexico as it was and as it is
_cby Brantz Mayer ; with numerous illustrations on wood engraved by Butler from drawings by the author.
260 _aNueva York
_bJ. Winchester : New World
_c1844
300 _axii, 390 p.
_bil., 30 láminas
_c22 cm.
500 _aIncluye índice alfabético y 5 apéndices
500 _aEstado físico: manchas de acidificación
500 _aDD61
650 1 4 _aViajeros estadounidenses
_zMéxico
_910048
651 4 _aMéxico
_xDescripción y viajes
_9103
700 1 _aButler
_eGrabador
_913195
902 _aGFM
942 _2lcc
_cB
999 _c4852
_d4852